| 000 | 00399nam a22001697a 4500 | ||
|---|---|---|---|
| 003 | NUST - PNEC | ||
| 005 | 20170116180958.0 | ||
| 008 | 150912b xxu||||| |||| 00| 0 eng d | ||
| 020 | _a0750654619 | ||
| 040 | _cLIBRARY | ||
| 082 | _a629.8 BOL | ||
| 100 |
_99352 _aBolton, W |
||
| 245 |
_aControl systems _cBolton, W |
||
| 260 | _cc.1992 | ||
| 650 |
_99350 _aMS Control _xMS Con |
||
| 942 |
_2ddc _cBK |
||
| 999 |
_c66598 _d66598 |
||